Loading...
| Current Events | 1 | 20.00 | 100% | 100% | 0% |
| Fine Arts - Auditory Fine Arts | 4 | 20.00 | 100% | 50% | 50% |
| Fine Arts - Other Fine Arts | 10 | 17.00 | 100% | 60% | 10% |
| Fine Arts - Visual Fine Arts | 2 | 20.00 | 100% | 100% | 0% |
| Geography | 1 | 30.00 | 100% | 100% | 100% |
| History - American History | 4 | 22.50 | 100% | 75% | 50% |
| History - European History | 5 | 22.00 | 60% | 100% | 60% |
| History - Other History | 4 | 20.00 | 75% | 75% | 50% |
| History - World History | 5 | 20.00 | 100% | 80% | 20% |
| Literature - American Literature | 4 | 25.00 | 100% | 100% | 50% |
| Literature - British Literature | 3 | 26.67 | 67% | 100% | 100% |
| Literature - European Literature | 6 | 20.00 | 83% | 83% | 33% |
| Literature - World Literature | 5 | 24.00 | 100% | 100% | 40% |
| Mythology | 1 | 30.00 | 100% | 100% | 100% |
| Other Academic | 3 | 13.33 | 67% | 67% | 0% |
| Philosophy | 5 | 22.00 | 100% | 80% | 40% |
| Religion | 6 | 21.67 | 83% | 100% | 33% |
| Science - Biology | 4 | 10.00 | 50% | 50% | 0% |
| Science - Chemistry | 7 | 18.57 | 86% | 57% | 43% |
| Science - Other Science | 6 | 16.67 | 100% | 33% | 33% |
| Science - Physics | 3 | 6.67 | 33% | 33% | 0% |
| Social Science | 6 | 16.67 | 100% | 50% | 17% |